00877nam a22001697a 4500003000900000008004100009040007100050082001900121110002200140245005400162260001800216300003000234505035600264650002500620650004300645650001900688AR-CdUCM190312b ||||| |||| 00| 0 spa d aMUNICIPALIDAD PROVINCIAL DEL CUSCOcBIBLIOTECA MUNICIPAL DEL CUSCO a343.511 /bF89 aRepublica Peruana aLa Fuerza Armada y el proceso electoral de 1962 / aLima :c1963. a940 páginas ;c24.7 cm. aContenido EL LIBRO BLANCO ha sido preparado por un grupo de juristas de la Fuerza Amarda , por engargo de la junto de Gobierno. Constituye la prueba documental mas concluyente del fraude electonal de 1962 y la plena justificacion de la actitud que la Fuerza Armanda se vio forzada a tomar el 18 de Julio del mismo año, para impedir que se consumara. aRealidad Peruana 90' aProblematica de las Elecciones de 1962 aEstado Peruano